Z prac Katedry inwestycji i nieruchomości wybrane problemy rynku nieruchomości w Polsce

Salvato in:
Dettagli Bibliografici
Altri autori: Gawron, Henryk, Trojanek, Radosław
Natura: Libro
Lingua:polacco
inglese
Pubblicazione: Poznań Wydawnictwo Uniwersytetu Ekonomicznego w Poznaniu 2012
Serie:Zeszyty naukowe 223
Soggetti:
Tags: Aggiungi Tag
Nessun Tag, puoi essere il primo ad aggiungerne!!

MARC

LEADER 00000nam a2200000 4500
001 0164892
005 20240109073605.8
020 |a 978-83-7417-705-4 
022 |a 1689-7374 
041 0 |a pol 
041 0 |a eng 
044 |a PL 
245 1 0 |a Z prac Katedry inwestycji i nieruchomości  |b wybrane problemy rynku nieruchomości w Polsce  |c redakcja naukowa Henryk Gawron, Radosław Trojanek 
264 1 |a Poznań  |b Wydawnictwo Uniwersytetu Ekonomicznego w Poznaniu  |c 2012 
300 |a 138 s. 
490 1 |a Zeszyty naukowe  |v 223 
830 0 |a Zeszyty naukowe  |v 223 
610 2 0 |a trh realitný 
610 2 0 |a nehnuteľnosti 
610 2 0 |a pozemky 
610 2 0 |a Poľsko 
700 1 |a Gawron, Henryk 
700 1 |a Trojanek, Radosław